000 00560nam a2200193Ia 4500
003 OSt
005 20170518162926.0
008 151013s9999 xx 000 0 und d
020 _a9.780495128e+012
040 _cMMU
050 _aBF 637
_b.C6E39 2007
245 _aSkilled Helper A problem management and opportunity development approach to helping
260 _aU S A
_bThomson Education
_c2007
300 _axii,396p. 22cm
500 _aincludes index
650 _a_communicating empathy
942 _2lcc
_cLOAN LOAN
980 _a^d20110113 11:28:40^oanne
999 _c5
_d5